UBT Library

THE ALARMING HISTORY OF MEDICINE (Record no. 60711)

000 -LEADER
fixed length control field 00360nam a22001457a 4500
008 - FIXED-LENGTH DATA ELEMENTS--GENERAL INFORMATION
fixed length control field 250425b ||||| |||| 00| 0 eng d
020 ## - INTERNATIONAL STANDARD BOOK NUMBER
International Standard Book Number 9780312104115
041 ## - LANGUAGE CODE
Language code of text/sound track or separate title eng
080 ## - UNIVERSAL DECIMAL CLASSIFICATION NUMBER
Edition identifier 1994
Universal Decimal Classification number 61GOR
082 ## - DEWEY DECIMAL CLASSIFICATION NUMBER
Edition number 61GOR
Classification number 61GOR
100 ## - Rafti
Rafti 4
101 ## - Shkurtesa
Shkurtesa MJEKSI E PERGJITHSHME
245 ## - TITLE STATEMENT
Title THE ALARMING HISTORY OF MEDICINE
Statement of responsibility, etc RICHARD GORDON
942 ## - ADDED ENTRY ELEMENTS (KOHA)
Source of classification or shelving scheme
Item type Books
Holdings
Withdrawn status Lost status Source of classification or shelving scheme Damaged status Not for loan Collection code Permanent location Current location Date acquired Total Checkouts Full call number Barcode Date last seen Price effective from Koha item type
          Koleksioni i përgjithshem UBT - Lipjan UBT - Lipjan 04/25/2025   61GOR 002-800070999605 04/25/2025 04/25/2025 Books
UBT Library © 2015-2024. All rights reserved University Education for Business and Technology